Ilicitos penales tributarios (Registro nro. 1873)

Detalles MARC
000 -LEADER
fixed length control field 01552 a2200229 4500
001 - CONTROL NUMBER
control field 29448
005 - DATE AND TIME OF LATEST TRANSACTION
control field 20260407155604.0
008 - FIXED-LENGTH DATA ELEMENTS--GENERAL INFORMATION
fixed length control field 260407a1998 arg spa d
003 - CONTROL NUMBER IDENTIFIER
control field AR-UNSa-BCEJYS
040 ## - CATALOGING SOURCE
Original cataloging agency AR-UNSa-BCEJYS
Language of cataloging spa
Transcribing agency AR-UNSa-BCEJYS
080 ## - UNIVERSAL DECIMAL CLASSIFICATION NUMBER
Universal Decimal Classification number 336.225
Common auxiliary subdivision Método de tributación y administración de impuestos
041 ## - LANGUAGE CODE
Language code of text/sound track or separate title spa
100 1# - MAIN ENTRY--PERSONAL NAME
Personal name Gómez, Teresa
245 10 - TITLE STATEMENT
Title Ilicitos penales tributarios
250 ## - EDITION STATEMENT
Edition statement 2a. ed.
264 #1 - PRODUCTION, PUBLICATION, DISTRIBUTION, MANUFACTURE, AND COPYRIGHT NOTICE
Place of production, publication, distribution, manufacture Buenos Aires :
Name of producer, publisher, distributor, manufacturer Ediciones Nueva Técnica
Date of production, publication, distribution, manufacture, or copyright notice 1998
300 ## - PHYSICAL DESCRIPTION
Extent 62 p.
Dimensions 28 cm.
505 ## - FORMATTED CONTENTS NOTE
Formatted contents note Modulo I: El Ilícito tributario: 1. Ilícitos tributario - 2. Sanciones tributarias - 3. Principios del derecho penal - 4. Aspectos propios del derecho penal - Modulo II: Breve análisis de los tipos y sanciones previstas en la derogada ley 23771 (Régimen vigente hasta 23/13/97): 1. Consideraciones preliminares - 2. Ley penal tributaria y previsional Nº23771 - Modulo III: Breve análisis de los tipos y sanciones previstas en la nueva ley penal tributaria Nº24769 (Régimen vigente desde el 24/1/97): 1. Normas penales tributarias - 2. La evasión fiscal - 3. Nueva ley penal tributaria y previsional Nº24769 - 4. Régimen penal tributario y previsional ley Nº 24769:Título I: Delitos tributarios;Título II: Delitos relativos a los recursos de la seguridad social;Título III: Delitos fiscales comunes;Título IV: Disposiciones generales;Título V: De los procedimientos administrativo y penal
590 ## - LOCAL NOTE (RLIN)
Local note niveau_biblio:m niveau_hierar:0
700 1# - ADDED ENTRY--PERSONAL NAME
Personal name Folco, Carlos Maria
942 ## - ADDED ENTRY ELEMENTS (KOHA)
Koha item type
Existencias
Withdrawn status Lost status Damaged status Not for loan Home library Current library Shelving location Date acquired Total checkouts Full call number Barcode Date last seen Price effective from Koha item type
        Biblioteca Prof. Eusebio Cleto del Rey Biblioteca Prof. Eusebio Cleto del Rey   07/04/2026   336.225 C392c v.6 2ed. L85071 07/04/2026 07/04/2026 Libro
        Biblioteca Prof. Eusebio Cleto del Rey Biblioteca Prof. Eusebio Cleto del Rey   07/04/2026   336.225 C392c v.6 2ed. L85072 07/04/2026 07/04/2026 Libro